| 000 | 01545nam a2200469 i 4500 | ||
|---|---|---|---|
| 001 | 23530 | ||
| 003 | KOSZ 005 | ||
| 005 | 20210902130313.0 | ||
| 008 | 981023s1986 pl a |000 0 pol d | ||
| 015 | _aUWD 1987/346 | ||
| 020 | _a8321332587 | ||
| 035 | _a991007050489705066 | ||
| 035 | _a(PL-WaBN)b11832708-48omnis_nlop | ||
| 035 | _ab11832708 | ||
| 035 | _a(OCoLC)835852777 | ||
| 035 | _azz2002982074 | ||
| 035 | _a(PL)b0000001183270 | ||
| 035 | _a(EXLNZ-48OMNIS_NETWORK)9910224862005606 | ||
| 040 |
_aWA N _cWA N _dKOSZ 005/HR |
||
| 041 | 0 | _apol | |
| 046 | _k1986 | ||
| 080 | _a711.4/.8(438) | ||
| 100 | 1 |
_aAdamczewska-Wejchert, Hanna _d(1920-1996) _eAutor |
|
| 245 | 1 | 0 |
_aMałe miasta : _bproblemy urbanistyczne stale aktualne / _cHanna Adamczewska-Wejchert, Kazimierz Wejchert. |
| 260 |
_aWarszawa : _b"Arkady", _c1986. |
||
| 300 |
_a349, [2] s. : _bfaks., fot., pl., rys., wykr. ; _c25 cm. |
||
| 336 |
_aTekst _btxt _2rdacontent |
||
| 337 |
_aBez urządzenia pośredniczącego _bn _2rdamedia |
||
| 338 |
_aWolumin _bnc _2rdacarrier |
||
| 380 | _aKsiążki | ||
| 388 | _a1901-2000 | ||
| 388 | _a1945-1989 | ||
| 650 | 7 |
_aUrbanistyka _2DBN |
|
| 650 | 7 | _aMiasta | |
| 651 | 7 | _aPolska | |
| 658 | _aArchitektura i budownictwo | ||
| 700 | 1 |
_aWejchert, Kazimierz _d(1912-1993) |
|
| 710 | 2 |
_aWydawnictwo Arkady _4pbl |
|
| 856 |
_uhttp://koha.tu.koszalin.pl/cgi-bin/koha/opac-detail.pl?biblionumber=23530 _yKatalog online BPK |
||
| 942 |
_2UKD _cKS |
||
| 999 |
_c23530 _d23530 |
||